Shortest Non-name Type-ins: US Largest Cities - Statistics

General Stats
  • This quiz has been taken 7 times
  • The average score is 10 of 24
Answer Stats
City Length # of type-ins Answer % Correct
New York 3 1 nyc
83%
Oklahoma City 3 1 okc
83%
Washington 2 1 dc
67%
Kansas City 2 1 kc
67%
San Francisco 2 1 sf
67%
Las Vegas 5 1 vegas
67%
Albuquerque 3 1 abq
50%
Phoenix 6 4 phenex | phenix | phonex | phonix
50%
Philadelphia 5 1 phily
50%
Raleigh 6 2 ralegh | raligh
50%
Charlotte 8 1 charlote
33%
Colorado Springs 15 3 colaradosprings | coleradosprings | coliradosprings
33%
Columbus 8 1 colombus
33%
Fort Worth 7 1 ftworth
33%
Jacksonville 11 1 jacksonvile
33%
Los Angeles 8 12 lasangas | lasanges | lasangis | lasangls | lasangos | lasangus | losangas | losanges | losangis | losangls | losangos | losangus
33%
Memphis 7 1 memphes
33%
Tucson 6 1 tuscon
33%
Baltimore 9 3 baltamore | baltemore | baltomore
17%
Indianapolis 9 18 indanapas | indanapes | indanapis | indanapls | indanapos | indanapus | indenapas | indenapes | indenapis | indenapls | indenapos | indenapus | indinapas | indinapes | indinapis | indinapls | indinapos | indinapus
17%
Louisville 8 3 lisville | losville | lusville
17%
Milwaukee 8 4 milwakee | milwakie | milwukee | milwukie
17%
Minneapolis 7 18 minapas | minapes | minapis | minapls | minapos | minapus | minepas | minepes | minepis | minepls | minepos | minepus | minipas | minipes | minipis | minipls | minipos | minipus
17%
Sacramento 10 3 sacremento | sacrimento | sacromento
17%
No matching quizzes found
Score Distribution
Percent of People with Each Score
Percentile by Number Answered
Your Score History
You have not taken this quiz